000 00523 a2200157 4500
999 _c4197
_d4197
020 _a8171416152
050 _aLB 2806 DUT 2001
100 _aDutt, B. S. V
_eAuthor
245 _aEmpowering primary teaching /
_cB.S.V Dutt and Digumarti Bhaskara Rrao
264 _aNew Delhi:
_bDiscovery Publishing House,
_c2001
300 _a275p. :
_bill.
500 _aIncludes bibliography and appendices
650 _aPrimary school teachers--Training of
700 _aRao, Digumarti Bhaskara
_eAuthor
942 _2lcc
_cBK
_h2806
_iDUT
_kLB